000
00220 a2200097 4500
001
18597
100
_a
Jafarsyed ahmed
245
_a
Quaid azam aur unka ahed
260
_a
_b
Maqbool academy
_c
1966
090
_c
13825
_d
13825
942
_a
NUST-CAE
_c
M
_c
4253
999
_c
253670
_d
253670